MANAGEMENT INFORMATION SYSTEMS (Record no. 16268)

MARC details
000 -LEADER
fixed length control field 00294nam a22001337a 4500
003 - CONTROL NUMBER IDENTIFIER
control field SGT
020 ## - INTERNATIONAL STANDARD BOOK NUMBER
International Standard Book Number 9789352620128
082 ## - DEWEY DECIMAL CLASSIFICATION NUMBER
Classification number 658.40
Item number BIS
100 ## - MAIN ENTRY--PERSONAL NAME
Personal name BISWAS DABASISH
245 ## - TITLE STATEMENT
Title MANAGEMENT INFORMATION SYSTEMS
260 ## - PUBLICATION, DISTRIBUTION, ETC. (IMPRINT)
Name of publisher, distributor, etc HIMALAYA PUB.
Year of Publication 2016
300 ## - PAGE DESCRIPTION
No. of Pages 271
942 ## - ADDED ENTRY ELEMENTS (KOHA)
Source of classification or shelving scheme Dewey Decimal Classification
Koha item type Books
942 ## - ADDED ENTRY ELEMENTS (KOHA)
-- 42
Holdings
Withdrawn status Lost status Source of classification or shelving scheme Damaged status Not for loan Collection code Home library Current library Shelving location Date acquired Vendor Name Cost, normal purchase price SGTU Bill Number Total Checkouts Full call number Accession No. (Barcode) Date last seen Date last borrowed Bill Date Koha item type Total Renewals
    Dewey Decimal Classification     COMMERCE MANAGEMENT SGT Science & Social Sciences Library SGT Science & Social Sciences Library Text Book 12/12/2018 KIRTI PRAKSHAN 290.00 SGTU IN1748 9 658.40 BIS CM4911 07/11/2024 06/11/2024   Books  
    Dewey Decimal Classification     COMMERCE MANAGEMENT SGT Science & Social Sciences Library SGT Science & Social Sciences Library Text Book 12/12/2018 KIRTI PRAKSHAN 290.00 SGTU IN1748 2 658.40 BIS CM4912 07/11/2024 06/11/2024   Books  
    Dewey Decimal Classification     COMMERCE MANAGEMENT SGT Science & Social Sciences Library SGT Science & Social Sciences Library Text Book 12/12/2018 KIRTI PRAKSHAN 290.00 SGTU IN1748 11 658.40 BIS CM4913 07/11/2024 06/11/2024   Books  
    Dewey Decimal Classification     COMMERCE MANAGEMENT SGT Science & Social Sciences Library SGT Science & Social Sciences Library Text Book 12/12/2018 KIRTI PRAKSHAN 290.00 SGTU IN1748 9 658.40 BIS CM4914 07/11/2024 06/11/2024   Books 1
    Dewey Decimal Classification     COMMERCE MANAGEMENT SGT Science & Social Sciences Library SGT Science & Social Sciences Library Text Book 12/12/2018 KIRTI PRAKSHAN 290.00 SGTU IN1748 11 658.40 BIS CM4915 08/11/2024 08/11/2024   Books 1